History Quiz

Random History or Biography Quiz
Score 0/24 Timer 06:00
5 Plays Today
% Correct
Nelson Mandela
88%
Napoleon Bonaparte
86.4%
Isabella I
83.1%
Alexander the Great
79.7%
Simón Bolívar
75.3%
Juan Perón
69.4%
Hirohito
66.1%
George Washington
65.8%
Benazir Bhutto
60.8%
François Duvalier
56.8%
Indira Gandhi
53.3%
Corazon Aquino
52.3%
% Correct
Charles I
50.9%
Augustus
48.9%
Pericles
39.7%
Éamon de Valera
38.1%
Mohammad Reza Pahlavi
37.4%
Dilma Rousseff
36.4%
Pierre Trudeau
35.1%
Frederick the Great
34.9%
Akhenaten
27.1%
Boris Godunov
24.4%
Sirimavo Bandaranaike
18.3%
Benito Juárez
18%
Remove Ads.
Support Sporcle.
Get the best of Sporcle when you Go Orange. This ad-free experience offers more features, more stats, and more fun while also helping to support Sporcle. Thank you for becoming a member.

You're not logged in!

Compare scores with friends on all Sporcle quizzes.
OR
Log In

Show Comments

Extras

Top Quizzes Today


Score Distribution

Your Account Isn't Verified!

In order to create a playlist on Sporcle, you need to verify the email address you used during registration. Go to your Sporcle Settings to finish the process.

Report this User

Report this user for behavior that violates our Community Guidelines.

Details: